[Event "Championnat de France - Accession"]
[Site "Chartres"]
[Date "2005.08.??"]
[Round "3.6"]
[White "Giffard, Nicolas"]
[Black "Dimitrov, Christo"]
[Result "1-0"]
[WhiteElo "2330"]
[BlackElo "2270"]
[PlyCount "74"]
[EventDate "2005.??.??"]

1. Nf3 c5 2. c4 Nf6 3. g3 b6 4. Bg2 Bb7 5. O-O g6 6. Nc3 Bg7 7. Re1 O-O 8. e4
d6 9. d4 cxd4 10. Nxd4 Qc8 11. b3 Nc6 12. Nc2 Nd7 13. Bd2 Nc5 14. Rb1 a6 15.
Nd5 Qd8 16. Bg5 h6 17. Be3 b5 18. Qd2 Kh7 19. cxb5 axb5 20. a3 Na5 21. Nd4 e5
22. Nxb5 Naxb3 23. Qd1 Bxd5 24. Qxd5 Nd4 25. Bxd4 exd4 26. e5 Ra5 27. exd6 Na4
28. Qc6 Nc3 29. Nxc3 dxc3 30. a4 Bd4 31. d7 Rc5 32. Qd6 c2 33. Rbc1 Rc4 34. Qd5
Rxa4 35. Re8 Qf6 36. Rxf8 Qxf2+ 37. Kh1 Qe3 1-0

[Event "Championnat de France - Accession"]
[Site "Chartres"]
[Date "2005.08.??"]
[Round "3.7"]
[White "Bedouin, Xavier"]
[Black "Chernuschevich, Alexei"]
[Result "0-1"]
[WhiteElo "2274"]
[BlackElo "2530"]
[PlyCount "64"]
[EventDate "2005.??.??"]

1. e4 c5 2. Nf3 e6 3. c3 Qa5 4. a3 d5 5. exd5 exd5 6. d4 c4 7. b3 cxb3 8. Qxb3
Nc6 9. Bb5 Nge7 10. O-O a6 11. Bxc6+ Nxc6 12. c4 dxc4 13. Qxc4 Be6 14. Qd3 Be7
15. Nc3 Rd8 16. Rd1 Bd5 17. Nxd5 Qxd5 18. a4 O-O 19. Ba3 Bxa3 20. Rxa3 Rfe8 21.
h3 h6 22. Rc3 Rd6 23. Qb1 Qa5 24. Qb3 Red8 25. Rc4 Qh5 26. Qc3 Ne5 27. g4 Nxg4
28. hxg4 Qxg4+ 29. Kf1 Re8 30. Qd3 Qh3+ 31. Kg1 Rg6+ 32. Qxg6 fxg6 0-1

[Event "Championnat de France - Accession"]
[Site "Chartres"]
[Date "2005.08.18"]
[Round "3.8"]
[White "Lepelletier, Benoit"]
[Black "Edouard, Romain"]
[Result "0-1"]
[WhiteElo "2459"]
[BlackElo "2334"]
[PlyCount "100"]
[EventDate "2005.??.??"]

1. e4 c5 2. Nf3 Nc6 3. Bb5 g6 4. O-O Bg7 5. Bxc6 dxc6 6. h3 e5 7. Nc3 Qe7 8. d3
Nf6 9. Be3 Nd7 10. Qd2 h6 11. Nh2 Nf8 12. f4 exf4 13. Bxf4 Ne6 14. Be3 b6 15.
Nd1 a5 16. Rb1 Ba6 17. a3 Qd8 18. Nf3 Nd4 19. b4 axb4 20. axb4 Nxc2 21. Qxc2
Bxd3 22. Qc1 Bxf1 23. Kxf1 Qd3+ 24. Kg1 Qxe4 25. bxc5 b5 26. Kh2 Ra2 27. Nf2
Qf5 28. Rb3 O-O 29. Qd1 Re8 30. Ng4 Kh7 31. Rb4 h5 32. Ng5+ Kg8 33. Re4 Rf8 34.
Nf2 Rxf2 35. Bxf2 Qxf2 36. Qd6 Qf5 37. h4 Qf6 38. Qd7 Bh6 39. Nf3 Bf4+ 40. g3
Bh6 41. Kg2 Rd8 42. Re8+ Rxe8 43. Qxe8+ Bf8 44. Ne5 Qe7 45. Qxe7 Bxe7 46. Nd3
Kf8 47. Kf3 Ke8 48. Ke4 Bf6 49. Nc1 Kd7 50. Nb3 Bc3 0-1

[Event "Championnat de France - Accession"]
[Site "Chartres"]
[Date "2005.08.??"]
[Round "3.9"]
[White "Monroy, Charles"]
[Black "Gozzoli, Yannick"]
[Result "0-1"]
[WhiteElo "2328"]
[BlackElo "2444"]
[PlyCount "32"]
[EventDate "2005.??.??"]

1. e4 c5 2. Nf3 d6 3. d4 Nf6 4. Nc3 cxd4 5. Nxd4 a6 6. Bd3 g6 7. O-O Bg7 8. a4
O-O 9. Nb3 Nc6 10. a5 Be6 11. Nd5 Nxd5 12. exd5 Bxd5 13. Bxa6 Bxb3 14. Bxb7
Rxa5 15. Bd2 Rxa1 16. Qxa1 Bd5 0-1

[Event "Championnat de France - Accession"]
[Site "Chartres"]
[Date "2005.08.18"]
[Round "3.10"]
[White "Gharamian, Tigran"]
[Black "Govciyan, Pavel"]
[Result "0-1"]
[WhiteElo "2412"]
[BlackElo "2328"]
[PlyCount "98"]
[EventDate "2005.??.??"]

1. c4 c5 2. Nc3 Nc6 3. Nf3 g6 4. e3 Bg7 5. d4 d6 6. d5 Ne5 7. Nd2 f5 8. Qc2 Nf6
9. f4 Nf7 10. Bd3 O-O 11. O-O e5 12. dxe6 Bxe6 13. h3 d5 14. cxd5 Bxd5 15. e4
fxe4 16. Ndxe4 Nxe4 17. Nxd5 Ng3 18. Rf3 Qxd5 19. Rxg3 Nd6 20. a4 c4 21. Bf1
Rac8 22. Rga3 g5 23. Be3 a6 24. Rd1 Qe6 25. Bc1 gxf4 26. Rf3 b5 27. axb5 axb5
28. Rxf4 Rxf4 29. Bxf4 Nf5 30. Qd2 Re8 31. Qb4 Nd4 32. Bg3 Rd8 33. Re1 Qg6 34.
Kh2 Nc2 35. Qe7 Rf8 36. Re6 Qf7 37. Be2 Nd4 38. Qxf7+ Kxf7 39. Re4 Nxe2 40.
Rxe2 Re8 41. Rd2 b4 42. Bf2 b3 43. Kg3 c3 44. bxc3 Bxc3 45. Rd7+ Ke6 46. Rb7 b2
47. Kf3 Ra8 48. Be1 Be5 49. Bg3 Rb8 0-1

[Event "Championnat de France - Accession"]
[Site "Chartres"]
[Date "2005.08.18"]
[Round "3.11"]
[White "Marcantoni, Herve"]
[Black "Philippe, Christophe"]
[Result "0-1"]
[WhiteElo "2251"]
[BlackElo "2411"]
[PlyCount "78"]
[EventDate "2005.??.??"]

1. e4 c5 2. Nf3 Nc6 3. d4 cxd4 4. Nxd4 Nf6 5. Nc3 e5 6. Ndb5 d6 7. Bg5 a6 8.
Na3 b5 9. Bxf6 gxf6 10. Nd5 f5 11. Bd3 Be6 12. O-O Bxd5 13. exd5 Ne7 14. c3 Bg7
15. Qh5 e4 16. Bc2 Qc8 17. Rae1 O-O 18. Bb3 Ng6 19. Nc2 Re8 20. f4 exf3 21.
Rxe8+ Qxe8 22. Qxf3 f4 23. Re1 Qd8 24. Nb4 Qh4 25. Qe4 Be5 26. Rf1 Kf8 27. Bd1
Re8 28. Qf3 a5 29. Nc6 a4 30. a3 Bg7 31. Qd3 Qg5 32. Bf3 Nh4 33. Qxb5 Bf6 34.
Kh1 Re3 35. Rf2 Nxf3 36. Rxf3 {#} 36... Qxd5 37. Qf1 Qe4 38. Rxe3 fxe3 39. Qxf6
Qb1+ 0-1

[Event "Championnat de France - Accession"]
[Site "Chartres"]
[Date "2005.08.18"]
[Round "3.12"]
[White "Olivier, Jean-Christophe"]
[Black "Feller, Sebastien"]
[Result "1/2-1/2"]
[WhiteElo "2373"]
[BlackElo "2282"]
[PlyCount "129"]
[EventDate "2005.??.??"]

1. e4 e5 2. Nf3 Nc6 3. Bb5 Nf6 4. d3 d6 5. c3 g6 6. Nbd2 Bd7 7. Nf1 Bg7 8. Ne3
O-O 9. Ba4 Kh8 10. h4 Qc8 11. Ng5 h6 12. Nh3 Ne7 13. Bxd7 Qxd7 14. g4 h5 15. f3
d5 16. Nf2 c6 17. Qe2 b5 18. Nf1 d4 19. Ng3 dxc3 20. bxc3 Neg8 21. gxh5 Nxh5
22. Nxh5 gxh5 23. f4 Nf6 24. f5 b4 25. Bg5 Nh7 26. cxb4 a5 27. bxa5 Rxa5 28.
Qxh5 Qd4 29. Ke2 Rb5 30. Rab1 Ra5 31. Be3 Rxa2+ 32. Kf3 Qa4 33. Rhc1 Qa6 34.
Rb6 Qa3 35. Rbxc6 Qb2 36. Kg3 Rg8 37. Kh3 Qe2 38. Qxe2 Rxe2 39. Bb6 Nf6 40.
R6c2 Rxc2 41. Rxc2 Bh6 42. d4 Be3 43. dxe5 Bf4 44. Rc3 Bxe5 45. Rf3 Rb8 46. Be3
Rb3 47. Ng4 Nxg4 48. Kxg4 Rb4 49. f6 Bd6 50. Bf4 Rxe4 51. Kf5 Rd4 52. Bxd6 Rxd6
53. Re3 Kh7 54. Re7 Rd5+ 55. Ke4 Rh5 56. Rxf7+ Kg8 57. Rg7+ Kf8 58. Rg4 Kf7 59.
Rf4 Rh6 60. Ke5 Rh5+ 61. Rf5 Rxh4 62. Rg5 Rh1 63. Rg7+ Kf8 64. Rg4 Kf7 65. Rg7+
1/2-1/2

[Event "Championnat de France - Accession"]
[Site "Chartres"]
[Date "2005.08.??"]
[Round "3.13"]
[White "Terrieux, Kevin"]
[Black "Bardel, Stephan"]
[Result "1/2-1/2"]
[WhiteElo "2365"]
[BlackElo "2251"]
[PlyCount "51"]
[EventDate "2005.??.??"]

1. e4 c5 2. Nf3 e6 3. d4 cxd4 4. Nxd4 Nf6 5. Nc3 Nc6 6. Ndb5 Bb4 7. a3 Bxc3+ 8.
Nxc3 d5 9. exd5 exd5 10. Bd3 O-O 11. O-O d4 12. Ne2 Re8 13. Bg5 h6 14. Bh4 g5
15. Bg3 Ne4 16. b4 Qb6 17. Kh1 Bf5 18. Bxe4 Rxe4 19. f3 Re6 20. Bf2 Rd8 21. c3
dxc3 22. Bxb6 Rxd1 23. Rfxd1 Rxe2 24. Bc5 b6 25. Bd6 c2 26. Rd5 1/2-1/2

[Event "Championnat de France - Accession"]
[Site "Chartres"]
[Date "2005.08.18"]
[Round "3.14"]
[White "Fargere, Francois"]
[Black "Dourerassou, Jonathan"]
[Result "0-1"]
[WhiteElo "2270"]
[BlackElo "2358"]
[PlyCount "94"]
[EventDate "2005.??.??"]

1. e4 c5 2. Nf3 Nc6 3. Bb5 d6 4. O-O Bd7 5. Re1 Nf6 6. c3 a6 7. Bf1 Bg4 8. d3
e6 9. Nbd2 Be7 10. h3 Bh5 11. g4 Bg6 12. Nh4 Nd7 13. Ng2 h6 14. f4 Qc7 15. Nf3
O-O-O 16. f5 Bh7 17. Bf4 Nde5 18. Qe2 h5 19. Nxe5 dxe5 20. Bg3 hxg4 21. hxg4
Bg8 22. Ne3 Bg5 23. Bg2 Bf4 24. Kf2 Bxg3+ 25. Kxg3 exf5 26. Nxf5 g6 27. Ne3 f5
28. gxf5 gxf5 29. Nxf5 Be6 30. Kf2 Qd7 31. Rh1 Rhf8 32. Ke3 c4 33. Rad1 Bxf5
34. exf5 Nd4 {#} 35. cxd4 Qxd4+ 36. Kd2 cxd3 37. Qf3 Qxb2+ 38. Ke1 e4 39. Qf2
d2+ 40. Kf1 Qc2 41. Qe2 Rxf5+ 42. Kg1 Qc5+ 43. Kh2 Qe5+ 44. Kg1 Qd4+ 45. Kh2
Kb8 46. Qxe4 Rh8+ 47. Kg3 Qf2+ 0-1

[Event "Championnat de France - Accession"]
[Site "Chartres"]
[Date "2005.08.18"]
[Round "3.15"]
[White "Roos, Louis"]
[Black "Tranchant, Sebastien"]
[Result "1/2-1/2"]
[WhiteElo "2334"]
[BlackElo "2150"]
[PlyCount "100"]
[EventDate "2005.??.??"]

1. Nf3 Nf6 2. c4 Nc6 3. d4 e6 4. a3 d6 5. Nc3 g6 6. e4 Bg7 7. Be2 O-O 8. O-O
Re8 9. Be3 e5 10. dxe5 dxe5 11. Qxd8 Nxd8 12. Nb5 Ne6 13. Ng5 Re7 14. Nxe6 Bxe6
15. f3 a6 16. Nc3 c6 17. Rfd1 Rd7 18. Na4 Rxd1+ 19. Rxd1 Nd7 20. Nb6 Nxb6 21.
Bxb6 Bf8 22. Kf2 Be7 23. Ke3 c5 24. Bc7 f6 25. Bd6 Kf7 26. b4 cxb4 27. axb4 b6
28. Bxe7 Kxe7 29. Ra1 Kd7 30. Kd2 Kc7 31. Kc3 a5 32. Ra3 g5 33. Bd3 g4 34. fxg4
Bxg4 35. Bc2 Be6 36. Ba4 f5 37. exf5 Bxf5 38. Ra2 Rd8 39. Bc2 axb4+ 40. Kxb4
Rd2 41. Bb1 Rxa2 42. Bxa2 Kc6 43. Bb3 Be4 44. g4 h6 45. Bd1 Bd3 46. Kc3 Bf1 47.
h4 Kd6 48. g5 hxg5 49. hxg5 e4 50. Kd4 e3 1/2-1/2

[Event "Championnat de France - Accession"]
[Site "Chartres"]
[Date "2005.08.??"]
[Round "3.16"]
[White "Collas, Didier"]
[Black "Vernay, Clovis"]
[Result "0-1"]
[WhiteElo "2425"]
[BlackElo "2238"]
[PlyCount "46"]
[EventDate "2005.??.??"]

1. Nf3 d5 2. c4 c6 3. e3 Nf6 4. Qc2 e6 5. b3 Nbd7 6. Bb2 Bd6 7. Nc3 O-O 8. Be2
a6 9. Nd4 c5 10. Nf3 b6 11. cxd5 exd5 12. d4 Qe7 13. O-O Bb7 14. Rfd1 Rfe8 15.
dxc5 bxc5 16. Qf5 Rad8 17. Rd2 Ne5 18. h3 Bb8 19. Rad1 d4 20. exd4 Nxf3+ 21.
gxf3 Qc7 22. Qg5 Qh2+ 23. Kf1 Bc8 0-1

[Event "Championnat de France - Accession"]
[Site "Chartres"]
[Date "2005.08.??"]
[Round "3.17"]
[White "Karim, Ismael"]
[Black "Picard, Romain"]
[Result "1/2-1/2"]
[WhiteElo "2236"]
[BlackElo "2369"]
[PlyCount "37"]
[EventDate "2005.??.??"]

1. e4 e6 2. d4 d5 3. Nc3 Nf6 4. Bg5 Be7 5. e5 Nfd7 6. h4 O-O 7. Bd3 c5 8. Qh5
g6 9. Qh6 cxd4 10. Nf3 Nxe5 11. Nxe5 dxc3 12. Nxg6 fxg6 13. Bxg6 hxg6 14. Qxg6+
Kh8 15. Qh6+ Kg8 16. Qg6+ Kh8 17. Qh6+ Kg8 18. Qg6+ Kh8 19. Qh6+ 1/2-1/2

[Event "Championnat de France - Accession"]
[Site "Chartres"]
[Date "2005.08.18"]
[Round "3.18"]
[White "Colin, Vincent"]
[Black "Guidez, Yann-Michael"]
[Result "1/2-1/2"]
[WhiteElo "2368"]
[BlackElo "2235"]
[PlyCount "96"]
[EventDate "2005.??.??"]

1. c4 c6 2. e4 g6 3. d4 Bg7 4. Nc3 d6 5. f4 Qb6 6. e5 Nh6 7. Be2 O-O 8. Nf3 Bg4
9. Na4 Qc7 10. Ng5 Bxe2 11. Qxe2 c5 12. Nc3 cxd4 13. Nd5 Qd8 14. e6 f6 15. Nf3
Nc6 16. Bd2 a5 17. h4 Nf5 18. Rh3 h5 19. Nh2 d3 20. Qe4 Ncd4 21. g4 hxg4 22.
Nxg4 Qc8 23. Nge3 Qxe6 24. Qxe6+ Nxe6 25. Nxf5 gxf5 26. Nxe7+ Kf7 27. Nxf5 Nc5
28. Be3 Ne4 29. Rd1 Kg6 30. Ne7+ Kh5 31. Rxd3 f5 32. Rb3 Rae8 33. Nd5 Nc5 34.
Rb5 Kg4 35. Rh1 Bd4 36. Rg1+ Kf3 37. Rf1+ Ke4 38. Kd2 Bxe3+ 39. Nxe3 Kd4 40.
Re1 a4 41. b3 axb3 42. axb3 Ke4 43. Nxf5+ Kxf5 44. Rxe8 Rxe8 45. b4 b6 46. bxc5
bxc5 47. Rb3 Re4 48. Rd3 Rxc4 1/2-1/2

[Event "Championnat de France - Accession"]
[Site "Chartres"]
[Date "2005.08.18"]
[Round "3.19"]
[White "Morelle, Ludovic"]
[Black "Neiman, Emmanuel"]
[Result "1-0"]
[WhiteElo "2232"]
[BlackElo "2365"]
[PlyCount "75"]
[EventDate "2005.??.??"]

1. c4 f5 2. d4 Nf6 3. g3 g6 4. Bg2 Bg7 5. Nf3 d6 6. Nc3 O-O 7. O-O Qe8 8. e4
fxe4 9. Ng5 Nc6 10. Be3 e5 11. d5 Nd4 12. Ncxe4 Ng4 13. Bxd4 exd4 14. Re1 Qe7
15. Ne6 Bxe6 16. dxe6 Ne5 17. Rc1 g5 18. Nxg5 Qxg5 19. f4 Qh6 20. fxe5 dxe5 21.
Bxb7 Rab8 22. Bd5 Kh8 23. Rc2 Rbe8 24. Qd3 c5 25. b4 Qh3 26. Qe4 Rf6 27. bxc5
Bh6 28. Qxe5 Bg7 29. Qe4 Rg6 30. Qg2 Qf5 31. Rf2 Qg5 32. Qe4 Qe7 33. c6 Qd6 34.
e7 Bf6 35. Qf4 Qb4 36. Re6 Bxe7 37. Qe5+ Rg7 38. Rf7 1-0

[Event "Championnat de France - Accession"]
[Site "Chartres"]
[Date "2005.08.??"]
[Round "3.20"]
[White "Boudre, Jean-Pierre"]
[Black "Robin, Samy"]
[Result "0-1"]
[WhiteElo "2359"]
[BlackElo "2231"]
[PlyCount "56"]
[EventDate "2005.??.??"]

1. e4 e5 2. Nf3 Nc6 3. Bb5 a6 4. Bxc6 dxc6 5. Nc3 Bc5 6. d3 Bg4 7. h3 Bh5 8.
Be3 Qe7 9. g4 Bg6 10. Qd2 O-O-O 11. Bxc5 Qxc5 12. O-O-O f6 13. d4 exd4 14. Nxd4
Ne7 15. f3 Bf7 16. Qe3 Ng6 17. Nf5 Qxe3+ 18. Nxe3 Nf4 19. Rhg1 g6 20. h4 Ne6
21. g5 Nd4 22. f4 b5 23. gxf6 b4 24. Na4 Ne2+ 25. Kb1 Nxg1 26. Rxg1 Rhe8 27. e5
Rd4 28. Rf1 Re4 0-1

[Event "Championnat de France - Open A"]
[Site "Chartres"]
[Date "2005.??.??"]
[Round "3.1"]
[White "Faucher, Stephane"]
[Black "Rabineau, Clement"]
[Result "0-1"]
[WhiteElo "2082"]
[BlackElo "2179"]
[PlyCount "48"]
[EventDate "2005.??.??"]

1. e4 c5 2. Nf3 e6 3. c3 Nf6 4. e5 Nd5 5. d4 cxd4 6. Bd3 dxc3 7. Nxc3 Nxc3 8.
bxc3 Be7 9. Qa4 Qc7 10. Bd2 Nc6 11. Qe4 b6 12. O-O Bb7 13. Qe2 d6 14. Rfe1 dxe5
15. Bb5 O-O 16. Bxc6 Qxc6 17. Qxe5 Bf6 18. Qe3 Rac8 19. Rac1 Rfd8 20. c4 Qc5
21. Qxc5 Rxc5 22. Bb4 Rcc8 23. Ne5 Rd4 24. Bc3 Bxe5 0-1

[Event "Championnat de France - Open A"]
[Site "Chartres"]
[Date "2005.??.??"]
[Round "3.2"]
[White "Laval, Brice"]
[Black "Guennoun, Anthony"]
[Result "1-0"]
[WhiteElo "2178"]
[BlackElo "2087"]
[PlyCount "37"]
[EventDate "2005.??.??"]

1. e4 c5 2. Nf3 Nc6 3. Nc3 Nf6 4. Bb5 Nd4 5. e5 Nxb5 6. Nxb5 Nd5 7. O-O a6 8.
c4 Nc7 9. Nc3 g6 10. d4 cxd4 11. Qxd4 Bg7 12. Be3 O-O 13. Qd2 Ne6 14. Rad1 f6
15. exf6 Bxf6 16. Nd5 d6 17. Rfe1 Ng7 18. Bb6 Qd7 19. Bd4 1-0

[Event "Championnat de France - Open A"]
[Site "Chartres"]
[Date "2005.??.??"]
[Round "3.3"]
[White "Laurens, Julia"]
[Black "Couttet, Jean-Marie"]
[Result "1-0"]
[WhiteElo "2034"]
[BlackElo "2170"]
[PlyCount "137"]
[EventDate "2005.??.??"]

1. d4 b6 2. c4 Bb7 3. Nc3 e6 4. e4 Bb4 5. f3 f5 6. exf5 Nh6 7. Bxh6 Qh4+ 8. g3
Qxh6 9. fxe6 Qe3+ 10. Be2 Bxc3+ 11. bxc3 Qxc3+ 12. Kf2 O-O 13. Rc1 Qa3 14. exd7
Nxd7 15. Nh3 Rae8 16. Qb3 Rxe2+ 17. Kxe2 Bxf3+ 18. Kd2 Qa5+ 19. Qc3 Qf5 20. Nf4
Bxh1 21. Rxh1 g5 22. Nd5 Qf2+ 23. Kc1 Nf6 24. Ne7+ Kf7 25. Nc6 Ne4 26. Qe1
Qxe1+ 27. Rxe1 Nd6 28. c5 Nf5 29. g4 Nh6 30. h3 Ng8 31. Rf1+ Nf6 32. Nxa7 bxc5
33. dxc5 Ra8 34. Nb5 Rxa2 35. Rf5 Kg6 36. Nxc7 Rh2 37. Nd5 Nxd5 38. Rxd5 Rxh3
39. Kd2 Ra3 40. c6 Ra8 41. Ke3 Kf6 42. Ke4 Ke6 43. Rxg5 Ra4+ 44. Kf3 Kd6 45.
Rg7 Kxc6 46. Rxh7 Kd6 47. Rf7 Ke6 48. Rf5 Ra1 49. Kg3 Rg1+ 50. Kh4 Ra1 51. Rf8
Ke7 52. Rf3 Ra8 53. Rf4 Ra5 54. g5 Ra1 55. Kh5 Ra5 56. Kh6 Rb5 57. g6 Rb1 58.
Kg7 Rg1 59. Re4+ Kd6 60. Kf7 Rf1+ 61. Kg8 Rg1 62. g7 Rg2 63. Ra4 Ke7 64. Ra6
Rh2 65. Ra7+ Ke8 66. Ra5 Ke7 67. Re5+ Kd7 68. Kf7 Rf2+ 69. Kg6 1-0

[Event "Championnat de France - Open A"]
[Site "Chartres"]
[Date "2005.??.??"]
[Round "3.4"]
[White "Polard, Gaetan"]
[Black "Bolon, Karelle"]
[Result "1/2-1/2"]
[WhiteElo "2165"]
[BlackElo "2064"]
[PlyCount "63"]
[EventDate "2005.??.??"]

1. e4 c5 2. Nf3 e6 3. d4 cxd4 4. Nxd4 a6 5. Nc3 b5 6. Be3 Bb7 7. Bd3 Qc7 8. O-O
Nf6 9. a3 Be7 10. Qe2 d6 11. Kh1 Nc6 12. Nxc6 Bxc6 13. f4 e5 14. Bd2 O-O 15.
Rf3 Rfe8 16. fxe5 dxe5 17. Raf1 Rab8 18. Rh3 Qd6 19. Nd5 Bxd5 20. exd5 g6 21.
Re3 Nd7 22. Bb4 Qxd5 23. c4 Qc6 24. cxb5 axb5 25. Be4 Qe6 26. Qf3 Nb6 27. Bc6
Rf8 28. Bxe7 Qxe7 29. Bxb5 f5 30. Qe2 e4 31. Rc3 f4 32. Bc6 1/2-1/2

[Event "Championnat de France - Open A"]
[Site "Chartres"]
[Date "2005.??.??"]
[Round "3.6"]
[White "Lagunes, Jean-Renaud"]
[Black "Marchadour, Emilie"]
[Result "1-0"]
[WhiteElo "2131"]
[BlackElo "2040"]
[PlyCount "125"]
[EventDate "2005.??.??"]

1. e4 c5 2. Nf3 e6 3. b3 Nc6 4. Bb5 Nd4 5. Nxd4 cxd4 6. O-O Qc7 7. f4 Nf6 8.
Bd3 Bc5 9. a4 O-O 10. Ba3 b6 11. Bxc5 Qxc5 12. Na3 Bb7 13. Qf3 d5 14. exd5 Bxd5
15. Qe2 Rfe8 16. Nb5 a6 17. b4 Qe7 18. Nxd4 Qxb4 19. c3 Qd6 20. Bxa6 e5 21. Nf5
Qc5+ 22. Ne3 exf4 23. Rxf4 Ne4 24. Re1 Nxd2 25. Bb5 Ne4 26. Bxe8 Rxe8 27. Rf5
Nxc3 28. Qd3 g6 29. Rf2 Nxa4 30. Rc2 Qb4 31. Rcc1 Be6 32. Nd5 Qb2 33. Rc2 Qg7
34. Nc7 Rf8 35. Qd6 Qf6 36. Rf2 Rd8 37. Rxf6 Rxd6 38. Nxe6 fxe6 39. Rfxe6 Rd2
40. Re7 Rd8 41. Rb7 Nc5 42. Rxb6 Rd7 43. Rc6 Nb7 44. Re8+ Kg7 45. Rec8 Nd8 46.
R6c7 Rxc7 47. Rxc7+ Nf7 48. h4 Kf6 49. g4 h6 50. Rc6+ Kg7 51. Kg2 Ne5 52. Rc7+
Kf6 53. Kg3 Nf7 54. Rc6+ Kg7 55. Ra6 Kh7 56. Kf3 Kg7 57. Ke4 Kh7 58. Kd5 Kg7
59. Ke6 Nd8+ 60. Ke7 Nf7 61. Re6 Nh8 62. Ke8 Kh7 63. Kf8 1-0

[Event "Championnat de France - Open A"]
[Site "Chartres"]
[Date "2005.??.??"]
[Round "3.7"]
[White "Claisse, Patrick"]
[Black "Rigolot, Matthieu"]
[Result "1/2-1/2"]
[WhiteElo "1964"]
[BlackElo "2121"]
[PlyCount "103"]
[EventDate "2005.??.??"]

1. e4 c5 2. Nf3 d6 3. d4 cxd4 4. Nxd4 Nf6 5. Nc3 a6 6. Be2 Nbd7 7. Be3 b5 8.
Nd5 Bb7 9. Nxf6+ Nxf6 10. f3 e5 11. Nb3 d5 12. exd5 Nxd5 13. Bf2 Rc8 14. c3 Qg5
15. g3 Be7 16. Qd2 Qf5 17. Qd3 Qxd3 18. Bxd3 Nf6 19. Nd2 O-O 20. O-O-O Rfd8 21.
Bc2 Nd7 22. Be4 Bxe4 23. Nxe4 b4 24. Kb1 f5 25. Nd6 Bxd6 26. Rxd6 bxc3 27. Rc1
Nf6 28. Rxc3 Rxd6 29. Rxc8+ Kf7 30. Kc2 e4 31. Rc3 Ke6 32. b4 g5 33. a4 f4 34.
gxf4 gxf4 35. fxe4 Nxe4 36. Bc5 Rd2+ 37. Kc1 Nxc3 38. Kxd2 Nxa4 39. Bd4 Kd5 40.
Kd3 f3 41. h3 h6 42. Bg7 f2 43. Ke2 h5 44. Kxf2 Kc4 45. Bf8 Nc3 46. Kg3 Nd5 47.
Kh4 Nxb4 48. Kxh5 a5 49. Kg5 Kd5 50. h4 Ke6 51. Kg6 Nd5 52. h5 1/2-1/2

[Event "Championnat de France - Open A"]
[Site "Chartres"]
[Date "2005.??.??"]
[Round "3.8"]
[White "Chaillot, Alain"]
[Black "Lefebvre, Pierre"]
[Result "1-0"]
[WhiteElo "2109"]
[BlackElo "2009"]
[PlyCount "110"]
[EventDate "2005.??.??"]

1. c4 c6 2. g3 d5 3. Nf3 Nf6 4. Bg2 Nbd7 5. O-O e6 6. Nc3 dxc4 7. Qc2 Nd5 8.
Rd1 b5 9. a3 Bb7 10. e4 N5b6 11. d3 Qc8 12. Bf4 Be7 13. e5 cxd3 14. Rxd3 Nd5
15. Ne4 Nxf4 16. gxf4 O-O 17. Neg5 g6 18. Rad1 Nb6 19. Nd4 Nd5 20. Nh3 a6 21.
Rb3 Kh8 22. Nf3 c5 23. Qc1 Rg8 24. Nfg5 Rg7 25. Ne4 Qc7 26. Nhg5 Rd8 27. Rdd3
c4 28. Rf3 Kg8 29. Rh3 Qb6 30. Rbg3 Bc8 {# #} 31. Nxh7 Rxh7 32. Rxh7 Kxh7 33.
Rh3+ Kg8 34. f5 Bf8 35. fxg6 fxg6 36. Qg5 Rd7 37. Qxg6+ Rg7 38. Qh5 Qd8 39.
Qh8+ Kf7 40. Rf3+ Ke7 41. Nd6 Kd7 42. Rxf8 Qg5 43. Rd8+ Qxd8 44. Qxg7+ Qe7 45.
Qg8 Qd8 46. Qxd8+ Kxd8 47. Nxc8 Kxc8 48. Bxd5 exd5 49. Kf1 Kd7 50. Ke2 d4 51.
Kd2 a5 52. f4 Kc6 53. h4 b4 54. axb4 axb4 55. Kc2 c3 1-0

[Event "Championnat de France - Open A"]
[Site "Chartres"]
[Date "2005.??.??"]
[Round "3.9"]
[White "Woehrel, Hermann"]
[Black "Martin, Tristan"]
[Result "1-0"]
[WhiteElo "2106"]
[BlackElo "1956"]
[PlyCount "99"]
[EventDate "2005.??.??"]

1. e4 c5 2. Nf3 d6 3. c3 Nf6 4. Bd3 Bg4 5. Bc2 Nc6 6. h3 Bh5 7. d3 h6 8. Nbd2
e6 9. Nf1 d5 10. Qe2 Qc7 11. Bd2 O-O-O 12. O-O-O Bd6 13. Kb1 Kb8 14. Ne3 d4 15.
Nc4 dxc3 16. Bxc3 Bxf3 17. Qxf3 Ne5 18. Qe3 Nxc4 19. dxc4 Be5 20. Bxe5 Qxe5 21.
f4 Qc7 22. e5 Nd7 23. g3 Kc8 24. Rhe1 Nb8 25. g4 h5 26. f5 hxg4 27. hxg4 Rxd1+
28. Bxd1 b6 29. Bf3 Rh3 30. Bb7+ Kxb7 31. Qxh3 Nc6 32. Qf3 Kb8 33. fxe6 fxe6
34. Qe4 Kc8 35. g5 Kd8 36. a3 a5 37. Rh1 Nxe5 38. Re1 Nc6 39. Qxe6 Qd7 40. Ka2
Kc7 41. Qxd7+ Kxd7 42. Kb3 Nd4+ 43. Ka4 Nf3 44. Re3 Nd4 45. Re5 Kd6 46. Re8 Kd7
47. Rb8 Kc7 48. Rf8 Ne6 49. Rf7+ Kc6 50. g6 {D} 1-0

[Event "Championnat de France - Open B"]
[Site "Chartres"]
[Date "2005.??.??"]
[Round "3.1"]
[White "Mestdagh, Franck"]
[Black "Bleuzen, Erwan"]
[Result "1-0"]
[WhiteElo "1924"]
[BlackElo "1994"]
[PlyCount "58"]
[EventDate "2005.??.??"]

1. e4 c5 2. Nf3 Nc6 3. c3 d5 4. exd5 Qxd5 5. d4 e6 6. Na3 Bd7 7. Bd3 cxd4 8.
Nb5 O-O-O 9. cxd4 e5 10. Qc2 exd4 11. O-O Qc5 12. Qa4 a6 13. Bf4 Qb4 14. Rac1
Re8 15. Na7+ Kd8 16. Nxc6+ Bxc6 17. Qxb4 Bxb4 18. Rc4 Bxf3 19. gxf3 Ba5 20.
Rxd4+ Ke7 21. b4 Bd8 22. Re1+ Kf8 23. Bd6+ Ne7 24. Bf5 f6 25. Bd7 Kf7 26. Bxe8+
Rxe8 27. Bxe7 Rxe7 28. Red1 Bb6 29. Rd7 Ke6 1-0

[Event "Championnat de France - Open B"]
[Site "Chartres"]
[Date "2005.08.18"]
[Round "3.2"]
[White "Medghoul, Abdel"]
[Black "Brunel, Eric"]
[Result "1-0"]
[WhiteElo "1994"]
[BlackElo "1920"]
[PlyCount "63"]
[EventDate "2005.??.??"]

1. d4 g6 2. c4 Bg7 3. Nf3 c5 4. e3 Nf6 5. Nc3 b6 6. b3 O-O 7. Be2 Bb7 8. Bb2
cxd4 9. exd4 d5 10. O-O e6 11. Ne5 Nbd7 12. f4 Ne4 13. Rc1 Nxc3 14. Rxc3 Rc8
15. Bf3 Nf6 16. Rc2 Rc7 17. c5 Ne4 18. b4 f5 19. a4 Bxe5 20. fxe5 Rff7 21. b5
bxc5 22. Bxe4 dxe4 23. dxc5 Qxd1 24. Rxd1 Bd5 25. a5 Rc8 26. Rcc1 f4 27. c6 f3
28. gxf3 exf3 29. Kf1 Kf8 30. Rxd5 exd5 31. b6 axb6 32. axb6 1-0

[Event "Championnat de France - Open B"]
[Site "Chartres"]
[Date "2005.08.18"]
[Round "3.5"]
[White "Pantioukhine, Slava"]
[Black "Dumont, Gilles"]
[Result "1-0"]
[WhiteElo "1989"]
[BlackElo "1910"]
[PlyCount "49"]
[EventDate "2005.??.??"]

1. d4 Nf6 2. Bg5 Ne4 3. Bh4 d5 4. Nd2 Nxd2 5. Qxd2 g6 6. f3 Bg7 7. c3 Nd7 8. e4
dxe4 9. fxe4 c5 10. Nf3 b6 11. Bc4 Qc7 12. Ng5 e6 13. Bxe6 O-O 14. Bg3 Qd8 15.
Bd5 Ba6 16. Bxa8 Qxa8 17. d5 h6 18. Nh3 Nf6 19. Nf2 Re8 20. O-O-O Bc8 21. Rhe1
Ng4 22. h3 Ne5 23. Nd3 Nc4 24. Qf2 Ne5 25. Nxe5 1-0

[Event "Championnat de France - Open B"]
[Site "Chartres"]
[Date "2005.08.18"]
[Round "3.8"]
[White "Daubert, Cedric"]
[Black "Pierre, Timothee"]
[Result "1-0"]
[WhiteElo "1870"]
[BlackElo "1971"]
[PlyCount "61"]
[EventDate "2005.??.??"]

1. e4 e5 2. f4 d6 3. Bc4 Nc6 4. Nf3 Bg4 5. O-O exf4 6. d4 Qf6 7. c3 O-O-O 8.
Qa4 Kb8 9. Nbd2 Nge7 10. d5 Ne5 11. Nd4 Nc8 12. Qb4 Nb6 13. a4 a5 14. Qb3 Kc8
15. Bb5 g5 16. Nc4 Nexc4 17. Bxc4 Re8 18. Bd3 Bd7 19. Be3 Qd8 20. Bf2 Rg8 21.
Qc2 g4 22. b4 g3 23. bxa5 gxf2+ 24. Qxf2 Nxa4 25. a6 Nb6 26. axb7+ Kxb7 27.
Ba6+ Kb8 28. Nc6+ Bxc6 29. dxc6 Qg5 30. Qa2 Rxe4 31. Bb5 1-0

[Event "Championnat de France - Open B"]
[Site "Chartres"]
[Date "2005.08.18"]
[Round "3.9"]
[White "Zermiche, Cherif"]
[Black "Boulan, Laura"]
[Result "1-0"]
[WhiteElo "1971"]
[BlackElo "1899"]
[PlyCount "40"]
[EventDate "2005.??.??"]

1. e4 e5 2. Nf3 Nc6 3. d4 exd4 4. Bc4 Nf6 5. e5 Ne4 6. Qe2 Nc5 7. Ng5 Ne6 8. f4
Be7 9. Nxf7 Kxf7 10. f5 Rf8 11. fxe6+ dxe6 12. Bf4 Kg8 13. Qg4 Rf5 14. Qxf5
Bb4+ 15. Nd2 Qe8 16. O-O Kh8 17. Qe4 Bd7 18. Bd3 g6 19. Nf3 Bc5 20. Bg5 Ne7 1-0